000 01098cab a2200445 4500
001 ABS54505
008 090401t1996 xxu||||| |||| 00| 0 eng d
035 _a(Sirsi) u10865
041 _aeng
245 _aEstates Times survey: A3, A23 & A24 towns
260 _c1996
350 _a0
490 _aEstates Times
_v(1313) 23 February 1996, 11-25(15)
650 _aA23
650 _aA24
650 _aA3
650 _aBRIGHTON
650 _aCRAWLEY
650 _aCROYDON
650 _aEPSOM
650 _aGUILDFORD
650 _aHAVANT
650 _aHORSHAM
650 _aINDUSTRIAL MARKET
650 _aINDUSTRIAL RENTS
650 _aKINGSTON
650 _aLEATHERHEAD
650 _aPROPERTY-COMMERCIAL PROPERTY-OFFICE PROPERTY-OFFICE PROPERTY MARKET
650 _aOFFICE RENTS
650 _aPORTSMOUTH
650 _aRETAIL RENTS
650 _aSURREY
650 _aSUSSEX
650 _aWATERLOOVILLE
650 _aWOKING
650 _aWORTHING
690 _aPROPERTY-COMMERCIAL PROPERTY-COMMERCIAL PROPERTY MARKET
942 _n0
948 _c04/03/1997
999 _c6916
_d6916